[Event "CAMPEONATO DE ESPAÑA ABSOLUTO"]
[Site "EL SAUZAL - TENERIFE - ISLAS CANARIAS"]
[Date "2010.09.12"]
[Round "9"]
[Board "18"]
[White "Sanchez Aller, Fernando"]
[Black "Senlle Caride, Miguel"]
[Result "1/2-1/2"]
[WhiteElo "2323"]
[BlackElo "2235"]
[PlyCount "99"]
[EventDate "2010.09.04"]
[EventRounds "9"]
[EventCountry "ESP"]

1.e4 e5 2.Nf3 Nc6 3.Bc4 Nf6 4.d4 exd4 5.e5 d5 6.Bb5 Ne4 7.Nxd4 Bd7 8.Bxc6 bxc6
9.Nb3 f6 10.O-O g6 11.Re1 fxe5 12.f3 Nf6 13.Rxe5+ Kf7 14.Nc3 Bd6 15.Re1 Nh5
16.Qd4 Qf6 17.Qxf6+ Nxf6 18.Be3 Bf5 19.Rac1 Rhb8 20.a3 c5 21.Bxc5 Rxb3 22.Bxd6
Rxc3 23.Re7+ Kg8 24.Be5 Rc6 25.g4 Kf8 26.Bxf6 Rxf6 27.Rce1 Bxc2 28.Rxh7 Kg8
29.Ree7 g5 30.Rhg7+ Kf8 31.Rxc7 Rxf3 32.Rxg5 Be4 33.Rh5 Kg8 34.Rg5+ Kf8 35.h4
Rf7 36.Rxf7+ Kxf7 37.Kf2 a5 38.Ke3 a4 39.h5 Kf6 40.Kf4 Rb8 41.Re5 Rxb2 42.g5+
Kf7 43.g6+ Kf6 44.Re8 Rf2+ 45.Ke3 Rf3+ 46.Kd4 Rh3 47.Rf8+ Kg7 48.Rf7+ Kh6
49.Rh7+ Kg5 50.Ke5 1/2-1/2

[Event "CAMPEONATO DE ESPAÑA ABSOLUTO"]
[Site "EL SAUZAL - TENERIFE - ISLAS CANARIAS"]
[Date "2010.09.12"]
[Round "9"]
[Board "19"]
[White "Todorcevic, Miodrag"]
[Black "Camino Carrio, Nicanor"]
[Result "1-0"]
[WhiteElo "2434"]
[BlackElo "2137"]
[PlyCount "99"]
[EventDate "2010.09.04"]
[EventRounds "9"]
[EventCountry "ESP"]

1.e4 c5 2.d3 g6 3.g3 Bg7 4.Bg2 Nc6 5.c3 e5 6.Nf3 Nf6 7.O-O O-O 8.Nbd2 d6 9.a3 h6
10.b4 b6 11.Bb2 Be6 12.Re1 Qd7 13.d4 exd4 14.cxd4 Nxd4 15.Nxd4 cxd4 16.Nb3 Rac8
17.Nxd4 Bh3 18.Qd3 Bxg2 19.Kxg2 Rfe8 20.Re2 h5 21.Nf3 Qe6 22.Rd1 Rcd8 23.e5 Ng4
24.h3 Nh6 25.Rdd2 d5 26.Nd4 Qd7 27.f4 h4 28.e6 fxe6 29.Qxg6 Qf7 30.Rxe6 Rxe6
31.Qxe6 hxg3 32.Qxf7+ Kxf7 33.Nc6 Rd6 34.Bxg7 Kxg7 35.Nd4 Rg6 36.Rc2 Ng8 37.f5
Rd6 38.Kxg3 Nf6 39.Kf4 Ne4 40.Rc7+ Kf6 41.Rxa7 Nf2 42.Rh7 Rd8 43.Rh6+ Kf7
44.Rxb6 Nxh3+ 45.Ke5 Nf2 46.Rb7+ Kg8 47.f6 Ng4+ 48.Ke6 Re8+ 49.Re7 Rf8 50.Rg7+ 1-0

[Event "CAMPEONATO DE ESPAÑA ABSOLUTO"]
[Site "EL SAUZAL - TENERIFE - ISLAS CANARIAS"]
[Date "2010.09.12"]
[Round "9"]
[Board "20"]
[White "Fernandez Siles, Luis"]
[Black "Hernandez Leon, Sergio"]
[Result "1-0"]
[WhiteElo "2341"]
[BlackElo "2133"]
[PlyCount "61"]
[EventDate "2010.09.04"]
[EventRounds "9"]
[EventCountry "ESP"]

1.d4 d5 2.c4 c6 3.Nc3 e6 4.Nf3 dxc4 5.g3 Nf6 6.Bg2 Bb4 7.O-O Nbd7 8.Qc2 O-O
9.Rd1 Bxc3 10.bxc3 Qa5 11.e4 Re8 12.e5 Nd5 13.Bd2 f5 14.exf6 gxf6 15.Re1 Qa3
16.Re4 b5 17.Rae1 Nf8 18.Rg4+ Kh8 19.Bh6 Ng6 20.Rxg6 hxg6 21.Qxg6 Rg8 22.Qh5 Qe7
23.Re4 Qh7 24.Rh4 Rg6 25.Ne5 fxe5 26.Bg7+ Rxg7 27.Qe8+ Rg8 28.Rxh7+ Kxh7 29.Qf7+
Rg7 30.Qh5+ Kg8 31.Qe8+ 1-0

[Event "CAMPEONATO DE ESPAÑA ABSOLUTO"]
[Site "EL SAUZAL - TENERIFE - ISLAS CANARIAS"]
[Date "2010.09.12"]
[Round "9"]
[Board "21"]
[White "Perez Felipe, Marcos Adrian"]
[Black "Alvarado Diaz, Alejandro"]
[Result "1-0"]
[WhiteElo "2308"]
[BlackElo "2101"]
[PlyCount "79"]
[EventDate "2010.09.04"]
[EventRounds "9"]
[EventCountry "ESP"]

1.d4 Nf6 2.c4 c5 3.d5 b5 4.cxb5 a6 5.bxa6 g6 6.Nc3 Bxa6 7.f4 d6 8.Nf3 Bg7 9.e4
Bxf1 10.Rxf1 O-O 11.Kf2 Nbd7 12.Kg1 Qa5 13.Qe1 Nb6 14.f5 Na4 15.fxg6 hxg6 16.Ng5
Rfb8 17.e5 dxe5 18.d6 Nxc3 19.Bd2 exd6 20.Bxc3 Qa4 21.h3 Rb7 22.b3 Qc6 23.Qh4
Re8 24.Rae1 Qa6 25.Rf2 Qd3 26.Rf3 Qa6 27.Rf2 Ree7 28.Kh1 Kf8 29.Rxf6 Bxf6
30.Nh7+ Kg7 31.Nxf6 Qd3 32.Ne4 d5 33.Qf6+ Kg8 34.Bxe5 Rxe5 35.Qxe5 dxe4 36.Rxe4
Rd7 37.Rh4 Qd1+ 38.Kh2 f6 39.Qe8+ Kg7 40.Qh8+ 1-0

[Event "CAMPEONATO DE ESPAÑA ABSOLUTO"]
[Site "EL SAUZAL - TENERIFE - ISLAS CANARIAS"]
[Date "2010.09.12"]
[Round "9"]
[Board "23"]
[White "Gonzalez Cruz, Steven"]
[Black "Saenz Narciso, Miguel Angel"]
[Result "1-0"]
[WhiteElo "1831"]
[BlackElo "2143"]
[PlyCount "81"]
[EventDate "2010.09.04"]
[EventRounds "9"]
[EventCountry "ESP"]

1.Nf3 g6 2.c4 Bg7 3.g3 e5 4.Nc3 d6 5.Bg2 f5 6.d4 e4 7.Ng5 Nc6 8.d5 Ne5 9.f4 Ng4
10.O-O h6 11.Ne6 Bxe6 12.dxe6 c6 13.Re1 Qe7 14.Qb3 h5 15.Rd1 N8f6 16.Qa3 Bf8
17.h3 Nh6 18.Qa4 Qxe6 19.Be3 Nd7 20.Qb4 Nb6 21.Bxb6 axb6 22.Qxb6 Qd7 23.Qd4 Nf7
24.a4 Be7 25.a5 O-O 26.e3 Qe6 27.Ra4 h4 28.g4 Bf6 29.gxf5 gxf5 30.Qb6 Rfb8
31.Rd2 Kh7 32.Kh1 Rg8 33.a6 bxa6 34.Qxc6 Rab8 35.Qd5 Qxd5 36.Nxd5 Bxb2 37.Ne7
Bc1 38.Re2 Rb3 39.Nxf5 Rb2 40.Bxe4 Rb3 41.Nd4+ 1-0

[Event "CAMPEONATO DE ESPAÑA ABSOLUTO"]
[Site "EL SAUZAL - TENERIFE - ISLAS CANARIAS"]
[Date "2010.09.12"]
[Round "9"]
[Board "24"]
[White "Del Rey, Diego"]
[Black "Martin Hernandez, Ruben"]
[Result "1/2-1/2"]
[WhiteElo "2396"]
[BlackElo "2037"]
[PlyCount "163"]
[EventDate "2010.09.04"]
[EventRounds "9"]
[EventCountry "ESP"]

1.d4 Nc6 2.Nf3 d6 3.d5 Ne5 4.Nd4 c5 5.dxc6 Nxc6 6.c4 Nf6 7.Nc3 e5 8.Nc2 Be6
9.Ne3 Be7 10.Ned5 O-O 11.e4 Bxd5 12.cxd5 Nb8 13.Be2 Nbd7 14.O-O Rc8 15.Be3 a6
16.Qb3 Qc7 17.Rfc1 Qb8 18.Qd1 Bd8 19.b4 Bb6 20.Qd3 Rc7 21.a4 Qa7 22.Nd1 Rfc8
23.Rxc7 Rxc7 24.a5 Bxe3 25.fxe3 Qb8 26.Ra3 Qc8 27.Rc3 Rxc3 28.Nxc3 Kf8 29.Kf1
Ke7 30.Ke1 h5 31.Kd2 h4 32.Qb1 Qh8 33.h3 Qh7 34.Bf3 Qg6 35.Qe1 Qh6 36.Qe2 Qh8
37.Qc4 Qd8 38.Be2 Qb8 39.Bf3 Qd8 40.Qf1 Qc8 41.Be2 Qa8 42.Qe1 Qh8 43.Bd3 Qh7
44.Qf2 Qg6 45.Ke1 Qh6 46.Ne2 Qh7 47.Nc3 Qh6 48.Be2 Qh8 49.Kd2 Qh7 50.Bf3 Qh8
51.Qe1 Qh7 52.Qe2 Qh8 53.Qc4 Qd8 54.Na4 Qb8 55.Be2 Qd8 56.Bd3 Ne8 57.Qc1 Nef6
58.Qe1 Qh8 59.Qc1 Qd8 60.Ke2 Nh5 61.Kf2 Nhf6 62.Kg1 Qb8 63.Kh2 Qd8 64.Qe1 Qh8
65.b5 axb5 66.Bxb5 Qh6 67.Nb6 Nxb6 68.axb6 Nxe4 69.Bc6 Nc5 70.Qc3 Qg5 71.Bxb7
Qg3+ 72.Kh1 Ne4 73.Qc1 Nf2+ 74.Kg1 Nxh3+ 75.Kh1 Nf2+ 76.Kg1 Ne4 77.Bc8 Qf2+
78.Kh2 h3 79.Bxh3 Qg3+ 80.Kg1 Qf2+ 81.Kh2 Qg3+ 82.Kg1 1/2-1/2

[Event "CAMPEONATO DE ESPAÑA ABSOLUTO"]
[Site "EL SAUZAL - TENERIFE - ISLAS CANARIAS"]
[Date "2010.09.12"]
[Round "9"]
[Board "25"]
[White "Vega Gutierrez, Belinda"]
[Black "Machin Arbelo, Pedro Alexis"]
[Result "1-0"]
[WhiteElo "2233"]
[BlackElo "2032"]
[PlyCount "181"]
[EventDate "2010.09.04"]
[EventRounds "9"]
[EventCountry "ESP"]

1.e4 c5 2.Nf3 e6 3.d4 cxd4 4.Nxd4 Nf6 5.Nc3 Bb4 6.e5 Nd5 7.Bd2 Bxc3 8.bxc3 O-O
9.Bd3 d6 10.exd6 Qxd6 11.O-O f5 12.Nb5 Qc5 13.c4 Nb6 14.Rb1 Nc6 15.Be3 Qe7
16.Bc1 Rd8 17.Qh5 Qf7 18.Qh4 a6 19.Nc3 Rd4 20.Qh3 Nxc4 21.Ne2 e5 22.Nxd4 Nxd4
23.c3 Nb5 24.Bxc4 Qxc4 25.Bd2 Qxa2 26.Rfd1 Be6 27.Qg3 f4 28.Qd3 Qd5 29.Qxd5 Bxd5
30.Re1 Re8 31.Bxf4 Nxc3 32.Rbc1 Ne4 33.Be3 Bc6 34.f3 Nf6 35.Bb6 Nd5 36.Bc5 Nf4
37.Rcd1 Kf7 38.Re3 Ng6 39.Ba3 e4 40.fxe4 Rxe4 41.Rxe4 Bxe4 42.Rd7+ Kf6 43.Bb2+
Ke6 44.Rxg7 Nf4 45.g3 Nd3 46.Ba3 Kf6 47.Rc7 a5 48.Kf1 b5 49.Be7+ Ke6 50.Ke2 Nb4
51.Bf8 Nd5 52.Ra7 a4 53.Kd2 Nf6 54.Bb4 Nd5 55.Bc5 Nf6 56.Bd4 Nd5 57.h3 Nb4
58.Bc3 Nc6 59.Rb7 a3 60.Rxb5 a2 61.Rb6 Kd5 62.Ra6 Bb1 63.g4 Nb8 64.Ra8 Nd7
65.Ra5+ Kc4 66.Ra4+ Kc5 67.Bd4+ Kb5 68.Ra7 Nc5 69.Bxc5 Kxc5 70.Kc3 Kd5 71.h4 Ke5
72.Ra4 Kd5 73.Ra5+ Ke4 74.Ra4+ Ke5 75.Kb2 Kf6 76.Ra5 Ke6 77.Kc3 Kd6 78.Kc4 Ke6
79.Kd4 Kf6 80.Ra6+ Ke7 81.g5 Kd7 82.h5 Kc7 83.Ke5 Kb7 84.Ra3 Kb6 85.Kf6 Kb5
86.Kg7 Kb4 87.Rxa2 Bxa2 88.Kxh7 Kc5 89.g6 Kd6 90.Kg7 Ke7 91.h6 1-0

[Event "CAMPEONATO DE ESPAÑA ABSOLUTO"]
[Site "EL SAUZAL - TENERIFE - ISLAS CANARIAS"]
[Date "2010.09.12"]
[Round "9"]
[Board "26"]
[White "Gonzalez Garcia, Guillermo"]
[Black "Acosta Sosa, Juan Manuel"]
[Result "1-0"]
[WhiteElo "2215"]
[BlackElo "2007"]
[PlyCount "103"]
[EventDate "2010.09.04"]
[EventRounds "9"]
[EventCountry "ESP"]

1.Nf3 d5 2.d4 Nf6 3.c4 c6 4.e3 a6 5.Nc3 b5 6.b3 Bg4 7.h3 Bxf3 8.Qxf3 e6 9.c5
Nbd7 10.Be2 Be7 11.O-O O-O 12.Bd3 e5 13.Qg3 e4 14.Be2 Qb8 15.Qxb8 Raxb8 16.f4
Bd8 17.g4 Ne8 18.Bd2 g6 19.Kh1 f6 20.a3 a5 21.Rf2 Ng7 22.Rg1 f5 23.g5 Kf7
24.Nxd5 cxd5 25.c6 Nb6 26.Bxb5 Na8 27.Ba4 Ne8 28.Rc1 Bb6 29.b4 axb4 30.Bxb4 Rh8
31.c7 Nexc7 32.Rfc2 Rhd8 33.Rc6 Rb7 34.h4 Ra7 35.Bb3 Ba5 36.Bd6 Rb8 37.Bxd5+
Nxd5 38.Bxb8 Rb7 39.R1c5 Rb1+ 40.Kh2 Nxe3 41.Rxa5 Rxb8 42.Ra7+ Kg8 43.h5 Ng4+
44.Kg3 Nb6 45.Rcc7 Nd5 46.Rg7+ Kf8 47.Rxh7 Kg8 48.Rag7+ Kf8 49.h6 Rb3+ 50.Kh4
Rh3+ 51.Kxh3 Nxf4+ 52.Kh4 1-0

[Event "CAMPEONATO DE ESPAÑA ABSOLUTO"]
[Site "EL SAUZAL - TENERIFE - ISLAS CANARIAS"]
[Date "2010.09.12"]
[Round "9"]
[Board "27"]
[White "Rodriguez Lapetra, Pablo"]
[Black "Pinto Henriquez, Rodrigo"]
[Result "1/2-1/2"]
[WhiteElo "2111"]
[BlackElo "2214"]
[PlyCount "209"]
[EventDate "2010.09.04"]
[EventRounds "9"]
[EventCountry "ESP"]

1.e4 e5 2.Nf3 Nc6 3.Bc4 Bc5 4.c3 Qe7 5.O-O d6 6.d3 h6 7.Nbd2 Qf6 8.Ne1 Nge7
9.Qf3 Ng6 10.Qxf6 gxf6 11.g3 f5 12.exf5 Bxf5 13.Ne4 Bxe4 14.dxe4 Nce7 15.Nd3 Bb6
16.Nb4 c6 17.Bd3 O-O-O 18.Be3 Kc7 19.Rad1 Rdf8 20.Nc2 h5 21.Bxb6+ axb6 22.Ne3 h4
23.Bb1 Rfg8 24.Nc4 Nc8 25.Ne3 Nge7 26.Kg2 Rg7 27.Rd2 b5 28.Rfd1 Rh6 29.Bc2 Nb6
30.Bb3 Nd7 31.Bc2 Nc5 32.Rg1 Ne6 33.Rgd1 Nf4+ 34.Kf3 Ne6 35.Ke2 Rf6 36.Rg1 Nf4+
37.Kf1 Nh3 38.Rg2 hxg3 39.hxg3 Ng5 40.Ke2 Rh6 41.Rd1 Ne6 42.Rgg1 Rgh7 43.Ng4 Rh3
44.Ne3 Nc5 45.Rgf1 Rh8 46.a3 Nd7 47.Bb3 R8h7 48.Bc2 Nf6 49.Rg1 Rh8 50.Rd2 R3h5
51.Kf3 d5 52.Rgd1 Rd8 53.exd5 cxd5 54.Bb3 Kc6 55.Ke2 Rd7 56.Rd3 Rh2 57.Nf1 Rh8
58.Ne3 Rhd8 59.Nc2 Kc5 60.Ba2 Nc6 61.Ne3 Ne7 62.Nc2 Ne8 63.Ne3 Nc7 64.Ng4 e4
65.R3d2 Ng6 66.Rh1 f5 67.Rh6 Rd6 68.Rh7 Kc6 69.Ne3 f4 70.Nf5 f3+ 71.Ke3 Rf6
72.Rh6 Rxf5 73.Rxg6+ Rd6 74.Rxd6+ Kxd6 75.Rd1 Rh5 76.Bb3 Ke5 77.a4 bxa4 78.Bxa4
Rh8 79.Bb3 b5 80.Ra1 Ne6 81.Rd1 Rd8 82.Rh1 Ng7 83.g4 d4+ 84.Kd2 Kf4 85.cxd4
Rxd4+ 86.Kc2 Ne8 87.Rh5 Nd6 88.Be6 e3 89.fxe3+ Kxe3 90.g5 Rd2+ 91.Kb3 f2 92.Bh3
Ke2 93.Kb4 Rxb2+ 94.Kc5 Ne4+ 95.Kd4 Rb4+ 96.Kd5 Nd2 97.g6 Rb3 98.Re5+ Kd1 99.Rf5
Rxh3 100.Rxf2 Rg3 101.Rf4 Rxg6 102.Rb4 Rg5+ 103.Kc6 Nf3 104.Kb6 Kd2 105.Rxb5 1/2-1/2

[Event "CAMPEONATO DE ESPAÑA ABSOLUTO"]
[Site "EL SAUZAL - TENERIFE - ISLAS CANARIAS"]
[Date "2010.09.12"]
[Round "9"]
[Board "28"]
[White "Garcia Gata, Jorge D"]
[Black "Meneses Gonzalez, Kevin Moises"]
[Result "1/2-1/2"]
[WhiteElo "2090"]
[BlackElo "2195"]
[PlyCount "94"]
[EventDate "2010.09.04"]
[EventRounds "9"]
[EventCountry "ESP"]

1.d4 Nf6 2.Nf3 g6 3.c4 Bg7 4.Nc3 O-O 5.e4 d6 6.Be3 e5 7.dxe5 dxe5 8.Qxd8 Rxd8
9.Nd5 Nxd5 10.cxd5 c6 11.Bc4 cxd5 12.Bxd5 h6 13.O-O-O Re8 14.Kb1 Na6 15.Rc1 Nb4
16.Bc4 a6 17.Rhd1 b5 18.Bxf7+ Kxf7 19.a3 a5 20.axb4 axb4 21.Rc7+ Re7 22.Rxe7+
Kxe7 23.Bc5+ Ke8 24.Bxb4 Ra4 25.Bc3 Rxe4 26.Re1 Rxe1+ 27.Nxe1 Kf7 28.Kc1 Bf5
29.Nc2 Be4 30.f3 Bb7 31.Kd2 Ke6 32.Nb4 Bf8 33.Ke2 Bd6 34.h3 h5 35.Nd3 Kd5 36.b3
Ke6 37.Bb4 Bd5 38.Bxd6 Kxd6 39.b4 Bc4 40.Ke3 Be6 41.h4 Kd5 42.Nb2 Bf5 43.Nd3 Kc4
44.Nxe5+ Kxb4 45.g4 hxg4 46.fxg4 Bc2 47.Kd2 Be4 1/2-1/2

[Event "CAMPEONATO DE ESPAÑA ABSOLUTO"]
[Site "EL SAUZAL - TENERIFE - ISLAS CANARIAS"]
[Date "2010.09.12"]
[Round "9"]
[Board "29"]
[White "Zamarbide Inarrea, Daniel"]
[Black "Molina Rodriguez, Borja"]
[Result "1-0"]
[WhiteElo "2197"]
[BlackElo "2058"]
[PlyCount "71"]
[EventDate "2010.09.04"]
[EventRounds "9"]
[EventCountry "ESP"]

1.e4 c5 2.Nf3 Nc6 3.Bb5 g6 4.c3 Nf6 5.Qa4 Bg7 6.O-O a6 7.Bxc6 dxc6 8.Re1 O-O
9.d4 Nd7 10.Bf4 b5 11.Qc2 Bb7 12.Nbd2 Rc8 13.Nb3 c4 14.Nc5 Nxc5 15.dxc5 e5
16.Nxe5 Qe7 17.Ng4 Qxc5 18.e5 Rcd8 19.Rad1 Bc8 20.Nh6+ Bxh6 21.Bxh6 Rfe8 22.Rxd8
Rxd8 23.Qc1 Re8 24.Qf4 Qe7 25.Bg5 Qe6 26.h3 Qf5 27.Qe3 Qd3 28.Qc1 Qf5 29.Bf6 g5
30.Re3 h6 31.Rf3 Qg6 32.Rg3 Bf5 33.f4 g4 34.hxg4 Bxg4 35.f5 Qh5 36.Qf4 1-0

[Event "CAMPEONATO DE ESPAÑA ABSOLUTO"]
[Site "EL SAUZAL - TENERIFE - ISLAS CANARIAS"]
[Date "2010.09.12"]
[Round "9"]
[Board "30"]
[White "Navarro Molina, David"]
[Black "Gutierrez Olivares, Daniel"]
[Result "0-1"]
[WhiteElo "2047"]
[BlackElo "2175"]
[PlyCount "106"]
[EventDate "2010.09.04"]
[EventRounds "9"]
[EventCountry "ESP"]

1.d4 e6 2.c4 Nf6 3.Nf3 b6 4.g3 Bb7 5.Bg2 Be7 6.O-O O-O 7.d5 exd5 8.Nh4 c6 9.cxd5
Nxd5 10.Nf5 Nf6 11.e4 d5 12.Re1 dxe4 13.Nxe7+ Qxe7 14.Nc3 Rd8 15.Qc2 Qc5 16.Be3
Qh5 17.Nxe4 Ng4 18.h4 Nxe3 19.Rxe3 Na6 20.a3 Qg6 21.Rae1 Nc7 22.Qc4 Ne6 23.Ng5
Nc5 24.Qd4 Qf6 25.Qg4 h6 26.Rf3 Qg6 27.Rxf7 Bc8 28.Qc4 Be6 29.Rxe6 Nxe6 30.Re7
hxg5 31.Rxe6 Qf7 32.hxg5 Rd1+ 33.Kh2 Rd6 34.Bh3 Qxf2+ 35.Kh1 Qf3+ 36.Kh2 Qf2+
37.Kh1 Qf3+ 38.Kh2 Rxe6 39.Qxe6+ Qf7 40.Qxc6 Re8 41.g6 Qe7 42.Bg2 Kf8 43.Qc4 Qe6
44.Qf4+ Qf6 45.Qb4+ Re7 46.Be4 a5 47.Qc4 Qxb2+ 48.Kh3 Qe5 49.Qc8+ Re8 50.Qb7 Qe7
51.Qxe7+ Rxe7 52.Bc2 Rc7 53.Bf5 b5 0-1

[Event "CAMPEONATO DE ESPAÑA ABSOLUTO"]
[Site "EL SAUZAL - TENERIFE - ISLAS CANARIAS"]
[Date "2010.09.12"]
[Round "9"]
[Board "32"]
[White "Salido Polo, Veronica"]
[Black "Aranaz Murillo, Amalia"]
[Result "0-1"]
[WhiteElo "1972"]
[BlackElo "2154"]
[PlyCount "92"]
[EventDate "2010.09.04"]
[EventRounds "9"]
[EventCountry "ESP"]

1.e4 c6 2.b3 d5 3.exd5 cxd5 4.Bb2 Nc6 5.Nf3 Bg4 6.d4 Nf6 7.Nbd2 e6 8.Be2 Be7
9.O-O Qb6 10.Rc1 O-O 11.c4 dxc4 12.Nxc4 Qd8 13.Nce5 Nb4 14.a3 Nbd5 15.Nxg4 Nxg4
16.Nd2 Ngf6 17.Nc4 Rc8 18.Qd2 Bd6 19.Bf3 Qe7 20.b4 Rfd8 21.Ne3 Rxc1 22.Rxc1 Bc7
23.Qc2 Bf4 24.Qb3 Qd6 25.g3 Nxe3 26.fxe3 Bxg3 27.hxg3 Qxg3+ 28.Bg2 Ng4 29.Qc3
Qf2+ 30.Kh1 Nxe3 31.Bxb7 Nf1 32.Bg2 Ng3+ 33.Kh2 Ne2 34.Qc7 Qh4+ 35.Bh3 Nxc1
36.Bxc1 Qxd4 37.Be3 Qd5 38.Qxa7 h6 39.Qc7 Ra8 40.Bg2 Qh5+ 41.Kg1 Rxa3 42.Qb8+
Kh7 43.Qg3 Ra1+ 44.Bf1 Qe2 45.Qf2 Rxf1+ 46.Qxf1 Qxe3+ 0-1

[Event "CAMPEONATO DE ESPAÑA ABSOLUTO"]
[Site "EL SAUZAL - TENERIFE - ISLAS CANARIAS"]
[Date "2010.09.12"]
[Round "9"]
[Board "33"]
[White "Villavicencio Martinez, Carlos"]
[Black "Capote Robayna, Nathaniel"]
[Result "0-1"]
[WhiteElo "2123"]
[BlackElo "1960"]
[PlyCount "72"]
[EventDate "2010.09.04"]
[EventRounds "9"]
[EventCountry "ESP"]

1.Nf3 Nf6 2.c4 g6 3.Nc3 Bg7 4.e4 d6 5.d4 O-O 6.Be2 e5 7.O-O Nbd7 8.Qc2 Re8 9.d5
c5 10.dxc6 bxc6 11.Rd1 Qe7 12.b4 Bb7 13.b5 cxb5 14.Nxb5 Bxe4 15.Qd2 d5 16.cxd5
Nxd5 17.Ba3 Nc5 18.Rac1 Rac8 19.Qa5 Nf4 20.Bf1 Bxf3 21.gxf3 Qg5+ 22.Kh1 Ncd3
23.Qd2 Nxc1 24.Rxc1 Rxc1 25.Qxc1 Rd8 26.Nd6 Nh3 27.Qxg5 Nxg5 28.h4 Ne6 29.Nc4
Rd1 30.Kg1 Ra1 31.Bb2 Rxa2 32.Bxe5 Bxe5 33.Nxe5 a5 34.Kg2 Rc2 35.Kg3 a4 36.Nc4
Rc3 0-1

[Event "CAMPEONATO DE ESPAÑA ABSOLUTO"]
[Site "EL SAUZAL - TENERIFE - ISLAS CANARIAS"]
[Date "2010.09.12"]
[Round "9"]
[Board "34"]
[White "Galvan Sarmiento, Jose Luis"]
[Black "Perez Aleman, Pedro Tomas"]
[Result "1/2-1/2"]
[WhiteElo "2008"]
[BlackElo "2111"]
[PlyCount "104"]
[EventDate "2010.09.04"]
[EventRounds "9"]
[EventCountry "ESP"]

1.d4 Nf6 2.Nf3 d6 3.h3 g6 4.Bf4 Bg7 5.e3 O-O 6.Be2 Nc6 7.O-O Nd7 8.c4 e5 9.Bh2
f5 10.Nc3 e4 11.Nd2 Nf6 12.Qb3 Kh8 13.f3 Bh6 14.Nd1 Nxd4 15.exd4 Bxd2 16.f4 c6
17.Qc2 Ba5 18.Ne3 d5 19.Rad1 dxc4 20.Bxc4 Bb6 21.Qd2 Qd6 22.Kh1 Be6 23.b3 Rad8
24.Bg1 Nh5 25.Qf2 Bxd4 26.Rxd4 Qxd4 27.Bxe6 Qd2 28.a4 Qxf2 29.Rxf2 Rd3 30.Rc2
Ng3+ 31.Kh2 Rxe3 32.Bf2 Rf6 33.Bc4 b5 34.axb5 cxb5 35.Bxb5 Rxb3 36.Bc4 e3
37.Bxg3 Rb1 38.Ba2 Rd1 39.Bh4 Rf8 40.Rc8 Kg7 41.Rc7+ Kh8 42.Rxa7 Ra1 43.Ra8 Kg7
44.Rxf8 Kxf8 45.Bc4 Ra4 46.Be2 Rxf4 47.g4 Rd4 48.Kg3 fxg4 49.hxg4 Ra4 50.Bg5 h5
51.gxh5 gxh5 52.Bxh5 Kg7 1/2-1/2

[Event "CAMPEONATO DE ESPAÑA ABSOLUTO"]
[Site "EL SAUZAL - TENERIFE - ISLAS CANARIAS"]
[Date "2010.09.12"]
[Round "9"]
[Board "35"]
[White "Lopez Pereyra, Antonio"]
[Black "Garcia Rodriguez, Sara"]
[Result "1-0"]
[WhiteElo "2079"]
[BlackElo "1869"]
[PlyCount "65"]
[EventDate "2010.09.04"]
[EventRounds "9"]
[EventCountry "ESP"]

1.b3 e5 2.Bb2 Nc6 3.e3 Nf6 4.c4 d5 5.cxd5 Qxd5 6.Nc3 Qd8 7.Qc2 Bd6 8.a3 O-O
9.Nf3 h6 10.b4 a6 11.Bc4 Re8 12.d3 Be6 13.Bxe6 Rxe6 14.O-O Qd7 15.Rfd1 Nh7
16.Ne4 Rae8 17.Rac1 Nf8 18.Ng3 Ng6 19.d4 exd4 20.Nxd4 Nxd4 21.Bxd4 Bxg3 22.hxg3
Rc6 23.Qb2 Rxc1 24.Rxc1 f6 25.Qc2 Qf7 26.Qxc7 Re7 27.Qc8+ Re8 28.Qc5 Qb3 29.Qd6
Qxa3 30.Rc7 Qd3 31.Kh2 Qb5 32.Rxg7+ Kh8 33.Bxf6 1-0

[Event "CAMPEONATO DE ESPAÑA ABSOLUTO"]
[Site "EL SAUZAL - TENERIFE - ISLAS CANARIAS"]
[Date "2010.09.12"]
[Round "9"]
[Board "36"]
[White "Rodriguez Ferraz, Borja"]
[Black "Septien Lopez, Valeriano"]
[Result "1-0"]
[WhiteElo "2079"]
[BlackElo "1887"]
[PlyCount "105"]
[EventDate "2010.09.04"]
[EventRounds "9"]
[EventCountry "ESP"]

1.d4 d5 2.c4 dxc4 3.Nc3 c5 4.e3 cxd4 5.exd4 e6 6.Bxc4 Nf6 7.Nf3 Nc6 8.O-O a6
9.a3 Be7 10.Bf4 O-O 11.Ba2 b5 12.Qd3 b4 13.Ne4 g6 14.Rfd1 Qa5 15.Ne5 Nxe5
16.Bxe5 Ng4 17.Bf4 Qf5 18.Bg3 bxa3 19.bxa3 Bb7 20.f3 Nf6 21.Nxf6+ Qxf6 22.Be5
Qg5 23.Qe2 Rfd8 24.f4 Qh6 25.Rd3 Bd5 26.Bxd5 Rxd5 27.g4 Rad8 28.g5 Qf8 29.Rh3 f6
30.Bxf6 Bxf6 31.Qxe6+ Kg7 32.gxf6+ Kh8 33.Re1 R5d6 34.Qe7 Qxe7 35.Rxe7 h5 36.f7
Kg7 37.Re8 Kxf7 38.Rxd8 Rxd8 39.Rd3 Rd5 40.Kf2 Kf6 41.Ke3 Kf5 42.Rc3 Rd6 43.Rc5+
Kg4 44.Ke4 Kh3 45.Ke5 Rb6 46.Rc2 Rb3 47.Rd2 Rxa3 48.d5 Re3+ 49.Kf6 Kg4 50.d6 Rb3
51.d7 Rb6+ 52.Ke5 Rb5+ 53.Ke4 1-0

[Event "CAMPEONATO DE ESPAÑA ABSOLUTO"]
[Site "EL SAUZAL - TENERIFE - ISLAS CANARIAS"]
[Date "2010.09.12"]
[Round "9"]
[Board "37"]
[White "Marrero Lopez, Agustin"]
[Black "Abreu Suarez, Isauro"]
[Result "1-0"]
[WhiteElo "1859"]
[BlackElo "2068"]
[PlyCount "91"]
[EventDate "2010.09.04"]
[EventRounds "9"]
[EventCountry "ESP"]

1.d4 d5 2.Nf3 Nf6 3.c4 e6 4.Bg5 c5 5.cxd5 exd5 6.Nc3 Be6 7.e3 a6 8.Be2 Nbd7
9.O-O Be7 10.Rc1 Rc8 11.Bd3 O-O 12.h3 c4 13.Bb1 b5 14.a3 Re8 15.Re1 Nf8 16.Ne5
N6d7 17.Bxe7 Rxe7 18.f4 f6 19.Nxd7 Rxd7 20.Qf3 Qb6 21.Kh2 Rcd8 22.f5 Bf7 23.Ne2
b4 24.axb4 Qxb4 25.Nf4 Qxb2 26.Rc2 Qb4 27.Rec1 Re7 28.Re2 Qd6 29.Kh1 Rb8 30.h4
Reb7 31.Bc2 Rb2 32.g4 R8b5 33.g5 fxg5 34.hxg5 Ra5 35.Rg1 Raa2 36.Qg2 Be8 37.f6
g6 38.Nxd5 Kh8 39.Ne7 c3 40.Qa8 Rb8 41.Qa7 Bd7 42.d5 Rab2 43.Qd4 Qb4 44.Qe5 h5
45.gxh6 Kh7 46.f7 1-0

[Event "CAMPEONATO DE ESPAÑA ABSOLUTO"]
[Site "EL SAUZAL - TENERIFE - ISLAS CANARIAS"]
[Date "2010.09.12"]
[Round "9"]
[Board "38"]
[White "Bernad Millan, Ignacio"]
[Black "Barrio Pareja, Eduardo"]
[Result "0-1"]
[WhiteElo "1854"]
[BlackElo "2049"]
[PlyCount "86"]
[EventDate "2010.09.04"]
[EventRounds "9"]
[EventCountry "ESP"]

1.Nf3 d6 2.d4 Nf6 3.c4 g6 4.g3 Bg7 5.Bg2 O-O 6.O-O Nc6 7.Nc3 Bg4 8.h3 Bxf3
9.Bxf3 Nd7 10.Bg2 e5 11.d5 Ne7 12.e4 f5 13.f4 Nc5 14.Qc2 c6 15.b4 Nxe4 16.Nxe4
fxe4 17.Rb1 cxd5 18.cxd5 Qb6+ 19.Kh2 e3 20.Qe2 exf4 21.gxf4 Nf5 22.a4 Rae8 23.a5
Qd8 24.Bb2 Bxb2 25.Rxb2 Qh4 26.Qe1 Qh6 27.Re2 Re7 28.b5 Rfe8 29.b6 axb6 30.axb6
Qg7 31.Bf3 Qd4 32.Bg4 Qxd5 33.Bxf5 Qxf5 34.Qd1 d5 35.Qb3 Re4 36.Kg2 Kg7 37.Rf3
d4 38.Qb2 Kh6 39.Qc1 Rxf4 40.Rxf4 Qxf4 41.Qd1 Re5 42.Kg1 Rg5+ 43.Rg2 Qf2+ 0-1

[Event "CAMPEONATO DE ESPAÑA ABSOLUTO"]
[Site "EL SAUZAL - TENERIFE - ISLAS CANARIAS"]
[Date "2010.09.12"]
[Round "9"]
[Board "40"]
[White "Arnedo Ruiz, Alberto"]
[Black "Quiza Vazquez, Carolina"]
[Result "1-0"]
[WhiteElo "1961"]
[BlackElo "1567"]
[PlyCount "61"]
[EventDate "2010.09.04"]
[EventRounds "9"]
[EventCountry "ESP"]

1.e4 c6 2.d4 d5 3.exd5 cxd5 4.Bd3 Nc6 5.c3 Nf6 6.Bf4 e6 7.Nf3 Bd6 8.Bxd6 Qxd6
9.O-O O-O 10.Re1 Re8 11.Ne5 h6 12.Nd2 Rb8 13.Qe2 a6 14.a4 Bd7 15.f4 b5 16.g4 g6
17.axb5 axb5 18.b4 Rb6 19.Nb3 Rd8 20.Nc5 Kg7 21.g5 hxg5 22.fxg5 Nh5 23.Ncxd7
Rxd7 24.Nxd7 Qxd7 25.Rf1 Ne7 26.Qe5+ Kg8 27.Ra8+ Nc8 28.Rfa1 Rb7 29.Rb8 Rxb8
30.Qxb8 Kg7 31.Ra8 1-0

[Event "CAMPEONATO DE ESPAÑA ABSOLUTO"]
[Site "EL SAUZAL - TENERIFE - ISLAS CANARIAS"]
[Date "2010.09.12"]
[Round "9"]
[Board "41"]
[White "Marrero Cardenes, Agustin"]
[Black "Herrera Reyes, Jose Antonio"]
[Result "1/2-1/2"]
[WhiteElo "1787"]
[BlackElo "2145"]
[PlyCount "84"]
[EventDate "2010.09.04"]
[EventRounds "9"]
[EventCountry "ESP"]

1.d4 d5 2.c4 c6 3.cxd5 cxd5 4.Nf3 Nf6 5.Nc3 Nc6 6.Bf4 a6 7.Rc1 g6 8.g3 Bg7 9.Bg2
O-O 10.O-O Ne4 11.Ne5 Bf5 12.Nxc6 bxc6 13.Nxe4 dxe4 14.e3 Qb6 15.g4 Bd7 16.Bxe4
Qxb2 17.Bxc6 Bxc6 18.Rxc6 Qxa2 19.Qc2 Qd5 20.Ra1 Qf3 21.Bg3 Qxg4 22.Rcxa6 Rxa6
23.Rxa6 h5 24.Kf1 h4 25.Bc7 h3 26.Bg3 Rc8 27.Qd2 Qf5 28.Ra2 Qb1+ 29.Ke2 Qb5+
30.Qd3 Qh5+ 31.f3 Rc6 32.Rb2 Qd5 33.Qb5 Rc2+ 34.Kd3 Qxb5+ 35.Rxb5 Rg2 36.Rc5 Bh6
37.f4 f5 38.Rc2 Rg1 39.e4 g5 40.fxg5 fxe4+ 41.Kxe4 Bxg5 42.Kf5 Bf6 1/2-1/2